Jonrón 600. Primer concurso de cuentos sobre el béisbol (Record no. 7851)

MARC details
000 -LEADER
campo de control de longitud fija 00424nam a2200145Ia 4500
001 - NÚMERO DE CONTROL
campo de control 2253
008 - DATOS DE LONGITUD FIJA--INFORMACIÓN GENERAL
campo de control de longitud fija 241024s9999 xx 000 0 und d
020 ## - NÚMERO INTERNACIONAL ESTÁNDAR DEL LIBRO
Número Internacional Estándar del Libro 978-9945-404-19-7
082 ## - NÚMERO DE LA CLASIFICACIÓN DECIMAL DEWEY
Número de clasificación RD/863.008/J79l
100 ## - ENTRADA PRINCIPAL--NOMBRE DE PERSONA
Nombre de persona Luis R. Santos
245 #0 - MENCIÓN DEL TÍTULO
Título Jonrón 600. Primer concurso de cuentos sobre el béisbol
260 ## - PUBLICACIÓN, DISTRIBUCIÓN, ETC.
Nombre del editor, distribuidor, etc. Ediciones de la Secrtaría de Estado de Cultura
Fecha de publicación, distribución, etc. 2008
901 ## - ELEMENTOS DE DATOS A LOCAL LDA (RLIN)
a 15/5/2012 12:01:29 p.m.

No items available.

© 2024. Todos los Derechos Reservados. Desarrollado por IDEICE